| 000 | 01169cam a2200337 a 4500 | ||
|---|---|---|---|
| 001 | 3957400 | ||
| 003 | NUST | ||
| 005 | 20221028155515.0 | ||
| 008 | 940526s1993 pk a 001 0beng | ||
| 010 | _a 93930650 | ||
| 020 |
_a9693502957 : _cRs600.00 |
||
| 025 | _aP-E-025584 13/11-48 | ||
| 040 |
_aDLC _cDLC _dDLC |
||
| 042 | _alcode | ||
| 043 | _aa-pk--- | ||
| 050 | 0 | 0 |
_aDS385.A9 _bG38 1993 |
| 082 | 0 | 0 |
_a954.9046092 _bGAU |
| 100 | 1 |
_aGauhar, Altaf, _d1923- _9101673 |
|
| 245 | 1 | 0 |
_aAyub Khan, Pakistan's first military ruler / _cAltaf Gauhar. |
| 250 | _a1st ed. | ||
| 260 |
_aLahore : _bSang-e-Meel Publications, _c1993. |
||
| 300 |
_a540 p. : _bill. ; _c22 cm. |
||
| 500 | _aOn the political career of Mohammad Ayub Khan, 1907-1974, former president of Pakistan. | ||
| 600 | 2 | 0 |
_aAyub Khan, Mohammad, _d1907-1974. _9101674 |
| 650 | 0 |
_aPresidents _zPakistan _xBiography. _9101675 |
|
| 651 | 0 |
_aPakistan _xPolitics and government. |
|
| 651 | 0 |
_aPakistan _xPolitics and government _y1947-1971. _95189 |
|
| 906 |
_a7 _bcbc _corigode _d3 _encip _f19 _gy-gencatlg |
||
| 942 |
_2ddc _cBK |
||
| 999 |
_c592087 _d592087 |
||